000 00828nam a22002777a 4500
003 CHAP
005 20220329134915.0
008 971013s r 00010 d
010 _a27851
011 _a28823
035 _a32934
040 _cCHAP
090 _aR-1031
100 0 0 _aMcBride, C. F.
_973354
245 _aLumber degrade caused by ambrosia beettles
500 _aSobretiro de: British Columbia Lumberman, July, 1960
590 _aBATCH-UPD
_b10
_c20130110
_lUCH01
_h2240
590 _aBATCH-UPD
_b10
_c20130410
_lUCH01
_h1535
590 _aBATCH-UPD
_b10
_c20130914
_lUCH01
_h1739
590 _aCONVERSION
_b10
_c20130109
_lUCH01
_h1316
650 1 4 _aMadera
_xDeterioración.
_969603
650 1 4 _aXyloterus lineatus.
_9122922
901 _aBK
942 _cREIMP
949 _aR-1031
_bBC
_cR
_d-76662
_eTS1
_i32934
_si
999 _c27851
_d27851